000 004800000a22001810004500
003 LK-CoMWRAF
005 20231102151644.0
008 230817t2001 ||||| |||| 00| 0 eng d
020 _a951532243X
040 _aLK-CoMWRAF
_dLK-CoMWRAF
_eLK-CoMWRAF
041 _aeng
082 _a328.4897
_bCON
245 _aThe Constituion of Finland
260 _a[Vammala]:
_bThe Parliament of Finland,
_c2001
300 _a167 p. ; 22 cm.
650 _aCONSTITUTIONS-Finland.
942 _cBK
999 _c2099
_d2099